• 首页
  • 本馆介绍
  • 公告通知
  • 最新文献
  • 馆藏检索
  • 电子资源
  • 读者导购
  • 参考咨询
  • 我的图书馆
  • 登录
  • 详细信息显示
  • 放入我的书架
  • 预约/预借图书
  • 作者相关作品
  • 分类相关作品
  • 丛书相关作品
  • 出版社相关作品

书目信息

  • 表格格式
  • 工作单格式
  • 卡片格式
题名:
国际游戏场景设计经典教程
    
 
作者: 亚历山大 著 ;赵侠 译
分册:  
出版信息: 北京   中国青年出版社  2016.01
页数: 128页
开本: 28cm
丛书名:
单 册:
中图分类: TP391.414 , TP391.41
科图分类:
主题词: 三维动画软件--游戏程序--程序设计--教材
电子资源:
ISBN: 978-7-5153-3981-8
000 00941nam0 2200253 450
001 3777
005 20181008145303.98
010    @a978-7-5153-3981-8@dCNY69.80
100    @a20160603d2016 em y0chiy0110 ea
101 0  @achi
102    @aCN@b110000
105    @aa j 000yy
200 1  @a国际游戏场景设计经典教程@dDrawing & Painting Fantasy Landscapes & Cityscapes@f(美)罗布·亚历山大著@g赵侠译@zeng
210    @a北京@c中国青年出版社@d2016.01
215    @a128页@c彩图@d28cm
330    @a本书共分为四部分内容,其分别是:绘画基础知识、自然场景画的构成要素、创建幻想世界和名作赏析。内容之间环环相扣,每一部分内容都是前一部分的提升。
510 1  @aDrawing & Painting Fantasy Landscapes & Cityscapes@zeng
606 0  @a三维动画软件@x游戏程序@x程序设计@j教材
690    @aTP391.414@v5
690    @aTP391.41@v4
701  1 @c(美)@a亚历山大@b罗布@4著
702  0 @a赵侠@4译
801  0 @aCN@b91MARC@c20160804
905    @aMuseLib@dTP391.41@e1565
    
    国际游戏场景设计经典教程=Drawing & Painting Fantasy Landscapes & Cityscapes/(美)罗布·亚历山大著/赵侠译.-北京:中国青年出版社,2016.01
    128页:彩图;28cm
    
    
    ISBN 978-7-5153-3981-8:CNY69.80
    本书共分为四部分内容,其分别是:绘画基础知识、自然场景画的构成要素、创建幻想世界和名作赏析。内容之间环环相扣,每一部分内容都是前一部分的提升。
●
相关链接 在E读中查询图书 在五车中查询图书 在当当中查询图书 在豆瓣中查询图书


正题名:国际游戏场景设计经典教程     索取号:TP391.41/1565         预约/预借

序号 登录号 条形码 馆藏地/架位号 状态 备注
1 1123677   211236777   第二样本阅览室/ [索取号:TP391.41/1565] 在馆    
2 1123678   211236786   第三借阅区/ [索取号:TP391.41/1565] 在馆    
3 1123679   211236795   第三借阅区/ [索取号:TP391.41/1565] 在馆    
4 1123680   211236802   第三借阅区/ [索取号:TP391.41/1565] 在馆    
5 1123681   211236811   第三借阅区/ [索取号:TP391.41/1565] 在馆    
唐山师范学院图书馆 欢迎您!
大连网信软件有限公司© 版权所有